00305nam a2200121Ia 4500008004100000082001300041100001600054245004300070250000800113260004200121300000800163650001200171191201s2005 xx 000 0 und d a429bHOG aHORNBY, A S 0aGuide to Patterns and Usage in English a2nd aN.DelhibOxford Universty Pressc2005 a238 aApplied